Capitalismo, crecimiento económico y subdesarrollo

Guardat en:
Dades bibliogràfiques
Autor principal: Dobb, Maurice (Autor)
Format: Llibre
Idioma:espanyol
Publicat: Barcelona Oikos-tau 1970
Edició:3a. ed
Col·lecció:Colección Libros de Economía Oikos,
Matèries:
Etiquetes: Afegir etiqueta
Sense etiquetes, Sigues el primer a etiquetar aquest registre!

MARC

LEADER 00000nam a2200000 a 4500
001 UCX6232
003 CL-VaPUC
008 930503e19700000SP |||||||||||||||||spa|d
082 0 4 |a 330.12  |b DOB  |2 21 
100 0 |a Dobb, Maurice  |e author  |9 322664 
245 1 0 |a Capitalismo, crecimiento económico y subdesarrollo 
250 |a 3a. ed 
300 |a 143 p 
942 |c BK 
945 |d 19930503 00:00:00 
260 |a Barcelona  |b Oikos-tau  |c 1970 
650 0 |a Capitalismo  |9 255255 
583 |a last modification  |c 19930503 00:00:00  |k Rodrigo Vera 
490 0 |a Colección Libros de Economía Oikos,  
999 |c 226287  |d 226285 
952 |0 0  |1 0  |4 0  |6 330_120000000000000_DOB_1970  |7 0  |8 A  |9 224536  |a BIBHIS  |b BIBHIS  |d 2019-11-15  |i 293292K  |o 330.12 DOB 1970  |p 293292K  |r 2025-01-20  |w 2019-11-15  |y BK  |k HIS